00960nam a2200265 a 4500001001000000003000900010005001700019007000400036008004100040020001500081040002500096082002900121100003600150245012200186250001200308260003700320300002100357500005800378500007400436650004800510650004800558650002500606650003700631650002600668000015452DO-SdBNP20250409152237.0ta 100209s2004 dr r 000 0 spa d a9993473286 aDO-SdBNPbspacBNPHU 4aRD861.5bD294p, 20032221 aPayano, Héctor Santos,d1941-13aLa décima popular dominicana :brecopilación, clasificación y análisis de sus recursos más sobresalientes / a2a. ed. aSanto Domingo :bColores,c2004. a405 p. ;c23 cm. aIncluye datos biográficos del autor en las solapas. aIncluye referencias bibliográficas y notas al pie de las páginas. 4aDécimas dominicanasxHistoria y crítica 4aLiteratura dominicanaxHistoria y crítica 4aPoesía dominicana 0aFolclorezRepública Dominicana 4aLiteratura dominicana